|
|
|
|
| LEADER |
00807cam a2200229 7i4500 |
| 001 |
0000032589 |
| 005 |
20110310090000.0 |
| 008 |
100329 eng |
| 020 |
|
|
|a 9812541365 (pbk.)
|
| 020 |
|
|
|a 9789812541369
|
| 040 |
|
|
|a UKM
|
| 090 |
0 |
0 |
|a HF5686
|b .C67 2004
|
| 245 |
0 |
0 |
|a Costing for specialized industries
|c Agoos Munalis Tahir ... [et al.].
|
| 260 |
|
|
|a Australia:
|b Thomson,
|c 2004.
|
| 300 |
|
|
|a 136 p.;
|c 25 cm.
|
| 650 |
0 |
0 |
|a Costing --
|x Management
|
| 650 |
0 |
0 |
|a Cost accounting
|
| 997 |
|
|
|a Unisel Graduate School Management
|
| 999 |
|
|
|a 0000035785
|b BOK
|c OPEN SHELF
|e 1st Floor, Shah Alam
|
| 999 |
|
|
|a 0000035786
|b BOK
|c OPEN SHELF
|e 1st Floor, Shah Alam
|
| 999 |
|
|
|a 0000035787
|b BOK
|c OPEN SHELF
|e 1st Floor, Shah Alam
|
| 999 |
|
|
|a 0000042365
|b BOK
|c OPEN SHELF
|e 1st Floor, Shah Alam
|